| 000 | 00666nam a2200157 i 4500 | ||
|---|---|---|---|
| 001 | 109224 | ||
| 003 | ES-MaACL | ||
| 005 | 20230906184812.0 | ||
| 007 | t| | ||
| 008 | 061121s1923 sp r ||||1| spa d | ||
| 100 | 1 |
_aOliveras Massó, Claudio. _986864 |
|
| 245 | 1 | 0 |
_aClasificación y cultivo de las cepas y elaboración de los vinos de la provincia de Tarragona con miras a la exportación _b: Ponencia desarrollada en la Asamblea de la Unión de Viticultores de Cataluña , Tarragona 1922 / _cpor Claudio Oliveras Massó. |
| 260 |
_aReus : _b[s.n.], _c1923 ( _fGráficas Eduardo Navas) |
||
| 300 |
_aVIII, 76 p. ; _c23 cm. |
||
| 852 |
_aES-MaACL _j1673-F-10 _bR.4476 |
||
| 999 |
_c109224 _d109224 |
||